| 000 | 00683nam a2200265Ia 4500 | ||
|---|---|---|---|
| 005 | 20260121165502.0 | ||
| 008 | 008 260114s9999 xx 000 0 eng d | ||
| 020 | _a9783319561707 | ||
| 037 | _aEBOOK | ||
| 040 | _aCRL | ||
| 040 | _beng | ||
| 040 | _cCRL | ||
| 041 | _2eng | ||
| 041 | _aeng | ||
| 084 | _qCRL | ||
| 100 |
_aRichard Teke Ngomba, Giuseppe Di Giovanni, Giuseppe Battaglia, Ferdinando Nicoletti _91052292 |
||
| 245 | 0 | _amGLU Receptors | |
| 260 | _bSpringer | ||
| 260 | _bSpringer | ||
| 260 | _c2017 | ||
| 856 | _uhttps://link.springer.com/openurl?genre=book&isbn=978-3-319-56170-7 | ||
| 942 | _cEBOOK | ||
| 999 |
_c1618017 _d1618017 |
||